000 00793nam a2200253Ia 4500
003 OSt
005 20220923223304.0
006 a|||||r|||| 00| 0
007 ta
008 220922b |||||||| |||| 00| 0 hin d
024 _a212,894
037 _cTextual
040 _aARTS
_cARTS
_bhin
041 _2hin
_ahin
082 _aO152,3N268,VP, N7
100 _aकपूर, मस्तराम
245 0 _aविषय पुरुष
246 _aViṣhaya puruṣha
260 _aदिल्ली
_b परमेश्वरी प्रका0
_c1997
300 _a5]151पृ.
_ccm.
650 _aहिन्दी साहित्य
_9156264
942 _hO152,3N268,VP, N7
_cTEXL
_2CC
999 _c363168
_d363168